| 000 | 01841nam0a2200361 4500 | ||
|---|---|---|---|
| 001 | RU\NLR\bibl\1762068 | ||
| 005 | 20250616124435.0 | ||
| 010 |
_a978-5-7765-0902-5 _9100 |
||
| 021 |
_aRU _b2011-24477 _91738 |
||
| 035 | _a(nilc)RSL-KNO-004925923 | ||
| 035 | _a(NLR Aleph) 001752875 | ||
| 090 |
_a1529857 _c1529857 |
||
| 100 | _a20110411d2011 |||y0rusy50 ca | ||
| 101 | 0 | _arus | |
| 102 | _aRU | ||
| 105 | _ay ||||||||| | ||
| 200 | 1 |
_aИсториография отечественной истории с древнейших времен до конца XIX века _eучебное пособие _e[для студентов - историков-ахивистов, изучающих курс "История исторической науки"] _fД.В. Киба _gМ-во образования и науки Рос. Федерации, Гос. образоват. учреждение высш. проф. образования "Комсом.-на-Амуре гос. техн. ун-т" |
|
| 210 |
_aКомсомольск-на-Амуре _cКомсомольский-на-Амуре государственный технический университет _d2011 |
||
| 215 |
_a124 с. _d21 |
||
| 320 | _aБиблиогр.: с. 123-124 (33 назв.) | ||
| 606 | 1 |
_aИсториография _jУчебные издания для высших учебных заведений _yРоссия _91468520 _3RU\NLR\auth\66314388 |
|
| 686 |
_aТ3(2)г.я73-1 _2rubbk |
||
| 686 |
_aТ1(2)0-1(2)я73-1 _2rubbk |
||
| 686 | _aТ1(2)я73 | ||
| 700 | 1 |
_aКиба _bД. В. _gДарья Валерьевна _4070 |
|
| 801 | 0 |
_aRU _bRuMoRKP _c20110411 _grcr |
|
| 801 | 1 |
_aRU _bРГБ _c20110411 |
|
| 801 | 2 |
_aRU _bNLR _c20110421 _grcr |
|
| 830 | _aавт. по кн. | ||
| 942 | _cBOOK | ||
| 980 | _aNB | ||
| 980 | _aNBR | ||